000
00305nam a22001337a 4500
008
210225b ||||| |||| 00| 0 eng d
020
_a
9780933286740
041
_a
eng
080
_a
94
100
_a
16
101
_a
SHH
245
_a
Modern Photography in Japan 1915-1940
_c
Klochko,D
942
_2
udc
_c
BK
999
_c
55220
_d
55220